Ngữ nghĩa học dẫn luận
Gồm 4 phần: Tổng quan những mở đầu về siêu ngôn ngữ; Nghĩa từ vựng; Nghĩa của câu; Nghĩa của phát ngôn.; NV Ngữ âm - Từ vựng ngữ nghĩa tiếng Việt; NV Ngôn ngữ học tri nhận; NV Từ vựng ngữ nghĩa tiếng Việt...
Kaydedildi:
| Yazar: | |
|---|---|
| Diğer Yazarlar: | |
| Materyal Türü: | Kitap |
| Dil: | Undetermined |
| Baskı/Yayın Bilgisi: |
H.
Giáo dục
2009
|
| Konular: | |
| Online Erişim: | http://lrc.tdmu.edu.vn/opac/search/detail.asp?aID=2&ID=7482 |
| Etiketler: |
Etiketle
Etiket eklenmemiş, İlk siz ekleyin!
|
| Thư viện lưu trữ: | Trung tâm Học liệu Trường Đại học Thủ Dầu Một |
|---|
| LEADER | 00971nam a2200217Ia 4500 | ||
|---|---|---|---|
| 001 | TDMU_7482 | ||
| 008 | 210410s9999 xx 000 0 und d | ||
| 082 | |a 401 | ||
| 090 | |b L609 | ||
| 100 | |a Lyons, John | ||
| 245 | 0 | |a Ngữ nghĩa học dẫn luận | |
| 245 | 0 | |c John Lyons; Nguyễn Văn Hiệp dịch | |
| 260 | |a H. | ||
| 260 | |b Giáo dục | ||
| 260 | |c 2009 | ||
| 300 | |a 379 tr. | ||
| 520 | |a Gồm 4 phần: Tổng quan những mở đầu về siêu ngôn ngữ; Nghĩa từ vựng; Nghĩa của câu; Nghĩa của phát ngôn.; NV Ngữ âm - Từ vựng ngữ nghĩa tiếng Việt; NV Ngôn ngữ học tri nhận; NV Từ vựng ngữ nghĩa tiếng Việt | ||
| 650 | |a Ngữ nghĩa học | ||
| 700 | |a Nguyễn, Văn Hiệp | ||
| 856 | |u http://lrc.tdmu.edu.vn/opac/search/detail.asp?aID=2&ID=7482 | ||
| 980 | |a Trung tâm Học liệu Trường Đại học Thủ Dầu Một | ||